000 00673nam a2200229Ia 4500
003 OSt
005 20220923224236.0
006 a|||||r|||| 00| 0
007 ta
008 Pun
024 _a229,884
037 _cTextual
040 _aARTS
_cARTS
_bPun
041 _2Pun
_aPun
082 _aQ2:332xH93x, 153P4
100 _aਕੁਲਵੰਤ ਕੈਰ
_9156278
245 0 _aਇਹੁ ਜਨਮੁ ਤੁਮਾ੍ਹਰੇ ਲੇਖੇ
260 _aਦਿੱਲੀ
_b ਵੌਲਵਿF ਪਬਲੀFਰਗ਼
_c2004
300 _a307ਪੰ
_ccm.
942 _hQ2:332xH93x, 153P4
_cTEXL
_2CC
999 _c370148
_d370148